Family Guy Lyrics Quiz Stats

 Plays Quiz Updated Jan 14, 2019

Support Sporcle.
Go Orange.
Score 0/55 Timer 02:00
7 Plays Today
% Correct
a
96.5%
a
95.9%
A
95.8%
and
94.3%
on
93.2%
and
92.3%
on
92.3%
family
92.2%
tv.
92.1%
sex
91.5%
Family
91.5%
to
91.4%
guy.
91.1%
all
90.4%
Guy!
90.4%
is
89.9%
see,
89.5%
It
89.3%
violence
89.2%
that
88.8%
you
88.4%
all
88%
that
86.4%
movies
86.2%
we
85.9%
seems
85.6%
today,
83.7%
old
81.4%
% Correct
in
81.3%
values,
81.2%
are
80.5%
where
80.4%
But
80.3%
us
80%
the
79.5%
good
79.5%
which
78.6%
rely?
78.4%
those
78.3%
used
77.5%
fashioned
72.1%
He's
70.9%
cry!
70.6%
laugh
69.5%
Lucky
65.6%
there's
65.3%
Lucky
65.2%
there's
64.9%
make
63.4%
who,
62.9%
man
62%
can
60.9%
things
59.1%
do,
59%
positively
54.9%

From the Vault

20th Century Clicks

by further

History 8m
That's one small click for man, one giant click for mankind.
Remove Ads.
Support Sporcle.
Get the best of Sporcle when you Go Orange. This ad-free experience offers more features, more stats, and more fun while also helping to support Sporcle. Thank you for becoming a member.

Show Comments

Extras

Top Quizzes Today


Score Distribution

Your Account Isn't Verified!

In order to create a playlist on Sporcle, you need to verify the email address you used during registration. Go to your Sporcle Settings to finish the process.

Report this User

Report this user for behavior that violates our Community Guidelines.

Details: